000 00494nam a2200217Ia 4500
008 170918s9999 xx 000 0 und d
020 _a43931948X
050 _bB146do 2000
100 _aBaglio, Ben M.
245 _aTouching the waves /
245 _cby Ben M. Baglio.
260 _aNew York :
260 _bScholastic,
260 _c2000
300 _a160 pages :
300 _billustrations ;
300 _c19cm.
300 _eDolphin tales ;
440 _a2
500 _a730
999 _c343947
_d343947